| 000 | 00371cam a22001217a 4500 | ||
|---|---|---|---|
| 008 | 180718b1986 xxu||||| |||| 00| 0 eng d | ||
| 082 | _aY1182x54 Si92 | ||
| 245 |
_aIssues in irrigated agriculture and command area development _cedited by M.V.K. Sivamohan |
||
| 260 |
_aDelhi _bAshish _c1986 |
||
| 300 | _a192p. | ||
| 650 | _aIrrigation - India | ||
| 700 | _aSivamohan, M.V.K. | ||
| 999 |
_c353882 _d353882 |
||